000 00742nas a2200253 4500
001 BR2013003557
003 BR-BrBNA
005 20231205122257.0
007 ta
008 230509b bl.|||p| |||| 00| 00por d
040 _aBR-BrBNA
_bpor
_cBiblioteca Nacional de Agricultura
041 _a(Pt)
072 _aE40; E50
100 1 _aSchiavenin, O.
245 1 _aA agricultura familiar, o cooperativismo e associativismo
650 _aAGRICULTURA FAMILIAR
650 _aCOOPERATIVISMO
650 _aASSOCIATIVISMO
650 _aPRODUÇÃO VEGETAL
650 _aALHO
773 0 _tNosso alho (Brazil)
_xISSN 2177-2959
_g(Jun 2010), (no. 7) p. 40-43
_wBR2013003557
909 _a202311
_bLúcia
_c55
_dLúcia Elande
942 _2AGRIS
_n0
_cANA
999 _c227826
_d227826